Statistics for Pictures by Letter - H

Click here to take the quiz!

General Stats

  • This quiz has been taken 24,507 times
  • The average score is 11 of 16

Answer Stats

Answer% Correct
Hyena
95%
Hurricane
93%
Hammerhead
89%
Hourglass
84%
Hopscotch
83%
Hawaii
79%
Henna
75%
Hermit
71%
Hijab
68%
Hinduism
64%
Hemisphere
59%
Helix
54%
Hamilton
49%
Hobo
49%
Himalayas
45%
Harlequin
36%

Score Distribution

Percentile by Number Answered

Percent of People with Each Score

Your Score History

You have not taken this quiz